| 000 | 02438cam a22004934i 4500 | ||
|---|---|---|---|
| 003 | PE-LiUPU | ||
| 005 | 20250731165442.0 | ||
| 008 | 160914s2016 pe a grm 000 0 spa d | ||
| 035 | _a(Sirsi) a163477 | ||
| 040 |
_aPE-LiUPU _bspa _cPE-LiUPU _erda |
||
| 099 |
_aTPS 2 _bQ77 2016 |
||
| 100 | 1 |
_aQuispe Ccollque, Yaned Soledad, _eautor |
|
| 245 | 1 |
_aFuncionamiento familiar y agresividad en estudiantes de 4to y 5to de secundaria de una I.E. Pública de Lima sur, 2015 / _cYaned Soledad Quispe Ccollque. |
|
| 264 | 0 | _c2016. | |
| 300 |
_a80 hojas _c30 cm |
||
| 336 |
_atext _2rdacontent |
||
| 337 |
_aunmediated _2rdamedia |
||
| 338 |
_avolume _2rdacarrier |
||
| 502 |
_aTesis _b(Lic.) -- _cUniversidad Peruana Unión, _d2016. |
||
| 504 | _aIncluye referencias | ||
| 520 | 3 | _aEl presente estudio se realizó con el objetivo de determinar la relación entre funcionamiento familiar y agresividad en estudiantes de 4to y 5to de secundaria de una institución educativa pública de Lima sur. La muestra constó de 183 estudiantes de edades entre 14 a 19 años de ambos sexos. La metodología de la investigación es de diseño no experimental, de corte transversal y de alcance correlacional. Para la recolección de datos se utilizó la Escala de Cohesión y Adaptabilidad Familiar (FACES III) y el Cuestionario de Agresión (QA) adaptadas en Perú. Los resultados muestran que no existe asociación entre funcionamiento familiar y agresividad, sin embargo, se encontró relación significativa inversa (r=.-158*; p>0.05) con la dimensión cohesión familiar. Se concluye que el funcionamiento familiar y la agresividad no se vinculan ya que existen factores personales y sociales intervinientes. | |
| 526 | _aSEG44 | ||
| 526 | _aSEG26 | ||
| 526 | _aP151 | ||
| 526 | _aP150 | ||
| 526 | _aP149 | ||
| 526 | _aP146 | ||
| 526 | _aP145 | ||
| 526 | _aP126 | ||
| 526 | _aP125 | ||
| 526 | _aP92 | ||
| 526 | _aP75 | ||
| 526 | _aP74 | ||
| 526 | _aP27 | ||
| 526 | _aP15 | ||
| 650 | 0 | 4 |
_aEstudiantes de secundaria _xFamilias |
| 650 | 0 | 4 |
_aEstudiantes de secundaria _xAgresividad |
| 650 | 0 | 4 |
_aFamilias _xAgresividad |
| 650 | 0 | 4 | _aAgresividad en adolescentes |
| 700 | 1 |
_aRodríguez Rodríguez, Celina Zoyla, _eautor |
|
| 596 | _a1 | ||
| 942 |
_2ddc _cTESIS |
||
| 999 |
_aTPS 2 Q77 2016 _wALPHANUM _c12353 _iT02017 _lCCODEBUL3 _mBUL _r1 _sY _tTESIS _u2016-9-14 _PP33 _o.STAFF. Tesis _d12353 |
||
| 980 |
_81 _gALBERTO SANCHEZ Responsable de Automatización |
||